000 01130nac a2200229 a 4500
003 CO-PeBPM
005 20250730114424.0
007 ta
008 250730s2005 ck a|||| |||| 00| 0 spa d
020 _aISBN: 8434228009
040 _aCO-PeBPM
_bspa
_cCO-PeBPM
_erda
041 _aspa
082 0 4 _a676.04 P281c
_222
245 1 0 _aConservar y restaurar papel
_c/ textos de Eva Pascual; dirección editorial María Fernanda Canal
250 _aPrimera edición
260 _aBarcelona, España
_b : Parramón Ediciones
_c, 2005
300 _a96 páginas
_bilustraciones a color
_c21 centímetros
500 _aIncluye índice
520 _aEste libro es una guía práctica ilustrada al alcance de cualquier persona interesada en cuidar y preservar adecuadamente sus objetos de papel. Desarrollada por restauradores profesionales especializados en papel, explica de manera amena y didáctica, a través de 19 ejercicios paso , a paso, cómo conservar, restaurar, exponer y limpiar libros, acuarelas, dibujos, mapas, sellos y fotos, entre otros.
650 1 4 _aConservación y restauración del papel
_2LEMB
942 _2ddc
_cBK
_n0
999 _c61091
_d61091